<?xml version="1.0" encoding="UTF-8"?>
<record
    xmlns:xsi="http://www.w3.org/2001/XMLSchema-instance"
    xsi:schemaLocation="http://www.loc.gov/MARC21/slim http://www.loc.gov/standards/marcxml/schema/MARC21slim.xsd"
    xmlns="http://www.loc.gov/MARC21/slim">

  <leader>00711nam a22000977a 4500</leader>
  <controlfield tag="008">190410|           ||| | ||||||0| ||spa d</controlfield>
  <datafield tag="245" ind1=" " ind2=" ">
    <subfield code="a">Hueso Parietal</subfield>
  </datafield>
  <datafield tag="300" ind1=" " ind2=" ">
    <subfield code="e">Hueso Parietal</subfield>
  </datafield>
  <datafield tag="653" ind1=" " ind2=" ">
    <subfield code="a">Hueso del cr&#xE1;neo, plano, par, de forma cuadril&#xE1;tera</subfield>
    <subfield code="a"> Tiene dos caras, interna (endocraneal) y externa (exocraneal), y cuatro bordes con sus respectivos cuatro &#xE1;ngulos</subfield>
    <subfield code="a">Se encuentra cubriendo la porci&#xF3;n superior y lateral del cr&#xE1;neo, por detr&#xE1;s del frontal, por delante del occipital y por encima del temporal y el esfenoides</subfield>
    <subfield code="a">Ambos huesos parietales se articulan a trav&#xE9;s de una l&#xED;nea media: la sutura sagital.</subfield>
    <subfield code="a">El hueso parietal se articula mediante sinfibrosis con otros huesos craneales</subfield>
  </datafield>
  <datafield tag="942" ind1=" " ind2=" ">
    <subfield code="c">HUESOS</subfield>
    <subfield code="2">ddc</subfield>
  </datafield>
  <datafield tag="999" ind1=" " ind2=" ">
    <subfield code="c">3178</subfield>
    <subfield code="d">3178</subfield>
  </datafield>
  <datafield tag="952" ind1=" " ind2=" ">
    <subfield code="0">0</subfield>
    <subfield code="1">0</subfield>
    <subfield code="2">ddc</subfield>
    <subfield code="4">0</subfield>
    <subfield code="7">0</subfield>
    <subfield code="a">BFM</subfield>
    <subfield code="b">BFM</subfield>
    <subfield code="d">2023-08-14</subfield>
    <subfield code="e">Donaci&#xF3;n Agosto 2023</subfield>
    <subfield code="l">0</subfield>
    <subfield code="p">HPA 131</subfield>
    <subfield code="r">2023-08-14</subfield>
    <subfield code="t">Ej. 1</subfield>
    <subfield code="w">0000-00-00</subfield>
    <subfield code="y">HUESOS</subfield>
    <subfield code="z">Donaci&#xF3;n Agosto 2023</subfield>
    <subfield code="f"></subfield>
  </datafield>
  <datafield tag="952" ind1=" " ind2=" ">
    <subfield code="0">0</subfield>
    <subfield code="1">0</subfield>
    <subfield code="2">ddc</subfield>
    <subfield code="4">0</subfield>
    <subfield code="7">0</subfield>
    <subfield code="a">BFM</subfield>
    <subfield code="b">BFM</subfield>
    <subfield code="d">2023-08-14</subfield>
    <subfield code="e">Donaci&#xF3;n Agosto 2023</subfield>
    <subfield code="l">1</subfield>
    <subfield code="p">HPA 132</subfield>
    <subfield code="r">2024-05-13</subfield>
    <subfield code="s">2024-05-13</subfield>
    <subfield code="t">Ej. 2</subfield>
    <subfield code="w">0000-00-00</subfield>
    <subfield code="y">HUESOS</subfield>
    <subfield code="z">Donaci&#xF3;n Agosto 2023</subfield>
    <subfield code="f"></subfield>
  </datafield>
</record>
